| 000 | 00567nam a2200193 i 4500 | ||
|---|---|---|---|
| 001 | 101774 | ||
| 003 | ES-MaACL | ||
| 005 | 20230906182957.0 | ||
| 007 | t| | ||
| 008 | 051025s1933 fr ||||1| fre d | ||
| 100 | 1 |
_aMehnert, Klaus. _979819 |
|
| 245 | 1 | 3 |
_aLa jeunesse en Russie soviétique / _cpar Klaus Mehnert ; traduit par Denise Van Moppés. |
| 250 | _a2ª ed. | ||
| 260 |
_aParis : _bBernard Grasset, _c1933 ( _fImp. Moderne) |
||
| 300 |
_a275 p. ; _c19 cm. |
||
| 700 | 1 |
_aMoppes, Denise Van. _9208836 |
|
| 852 |
_aES-MaACL _jA-2142 |
||
| 999 |
_c101774 _d101774 |
||